| 000 | 00432nam a2200157Ia 4500 | ||
|---|---|---|---|
| 008 | 230917s9999||||xx |||||||||||||| ||und|| | ||
| 040 |
_e205742 _aMAIN |
||
| 041 | _aEnglish | ||
| 082 | _a615.321 K961P(3) | ||
| 100 | _aKummerer, Klaus | ||
| 245 | 0 | _aPharmaceuticals in the environment: Sources, fate effects and risks | |
| 250 | _a3rd ed. | ||
| 260 |
_aNew York _bSpringer-Verlag _c2008 |
||
| 300 | _axxxi, 521 p. | ||
| 942 | _cBK | ||
| 999 |
_c171633 _d171633 |
||